Excesos y exageraciones : relatos ilustrados /

Guardado en:
Autor Principal: Bernasconi, Pablo
Formato: Libro
Publicado: Buenos Aires : Sudamericana, 2013
Series:Especiales
Materias:
Etiquetas: Agregar Etiqueta
Sin Etiquetas, Sea el primero en etiquetar este registro!
LEADER 01199nam a22002415a 4500
001 CEM.cems015499
008 130507s2013##################000#0#####d
005 20240215105848.0
245 1 0 |a Excesos y exageraciones :  |b relatos ilustrados /  |c Pablo Bernasconi 
260 |a Buenos Aires :  |b Sudamericana,  |c 2013 
300 |a 48 p. 
490 0 |a Especiales 
505 0 |a Efecto dominó -- Fanático catódico -- Muchoneta -- Motín a bordo -- La corneta emancipada -- Pobres ricos -- Magia de regalo -- Feroz -- Viceversa -- El monstruo del lago -- Coleccionista piadoso -- Expreso hundirov -- Fisiculturísmo -- Monstruo capilar -- Sifoniático -- El pulpo del amor -- Conexión -- Multiple choice -- Vaiente -- Somático -- Virtuosísmo -- La casa animal -- Zapatujero negro -- Mascota 
020 |a 9789500742108 
100 1 |a Bernasconi, Pablo 
082 0 4 |a A868.4 
653 |a Literatura 
653 |a Literatura argentina 
653 |a Literatura infantil 
653 |a Cuentos infantiles 
653 |a Colección ciencias de la educación 
859 |a CEMS  |b BIB. CEMS - Inicial y Primaria  |h A868.4  |i B431-2  |k IP  |p 3953  |t Ej. 1 
859 |a CEMS  |b BIB. CEMS - Ccias. Educacion  |h A868.4  |i B431-3  |k CE  |p 28847.19  |t Ej.1